Crusade for world fellowship. (Record no. 14175)

000 -LEADER
fixed length control field 00585nam a2200193 a 4500
001 - CONTROL NUMBER
control field :::00011999$&:&@@
003 - CONTROL NUMBER IDENTIFIER
control field OkBaRHE
005 - DATE AND TIME OF LATEST TRANSACTION
control field 20000607103415.0
008 - FIXED-LENGTH DATA ELEMENTS--GENERAL INFORMATION
fixed length control field j 000 0 eng u
040 ## - CATALOGING SOURCE
Transcribing agency
100 1# - MAIN ENTRY--PERSONAL NAME
Personal name Lindsay, Gordon.
245 10 - TITLE STATEMENT
Title Crusade for world fellowship.
260 ## - PUBLICATION, DISTRIBUTION, ETC. (IMPRINT)
Place of publication, distribution, etc Dallas, TX., :
Name of publisher, distributor, etc Voice of Healing Publishing Company
Date of publication, distribution, etc nd
300 ## - PHYSICAL DESCRIPTION
Extent 123 p. ;
Dimensions 20 cm.
650 ## - SUBJECT ADDED ENTRY--TOPICAL TERM
Topical term or geographic name as entry element Mission of the Church
650 ## - SUBJECT ADDED ENTRY--TOPICAL TERM
Topical term or geographic name as entry element Pentecostalism
942 ## - ADDED ENTRY ELEMENTS (KOHA)
Source of classification or shelving scheme
Koha item type Books
Copies
Date last seen Copy number Price effective from Lost status Permanent Location Date acquired Damaged status Withdrawn status Shelving location Not for loan Barcode Source of classification or shelving scheme Full call number Koha item type
2010-04-1412010-04-14 RHEMA Bible Training College2010-04-14  General Stacks 11999 BX 8764 .L5Books